<?xml version="1.0" encoding="UTF-8"?>
<marc:record xmlns:marc="http://www.loc.gov/MARC21/slim">
   <marc:leader>00000nam a2200000 a 4500</marc:leader>
   <marc:datafield ind1="1" ind2=" " tag="100">
      <marc:subfield code="a">Lodato, Victor</marc:subfield>
      <marc:subfield code="4">aut</marc:subfield>
      <marc:subfield code="e">Verfasser/-in</marc:subfield>
   </marc:datafield>
   <marc:datafield ind1="1" ind2=" " tag="100">
      <marc:subfield code="a">Wenner, Claudia</marc:subfield>
   </marc:datafield>
   <marc:datafield ind1="0" ind2="0" tag="245">
      <marc:subfield code="a">Honey</marc:subfield>
   </marc:datafield>
   <marc:datafield ind1="0" ind2="0" tag="245">
      <marc:subfield code="b">Roman</marc:subfield>
   </marc:datafield>
   <marc:datafield ind1="0" ind2="0" tag="245">
      <marc:subfield code="c">Victor Lodato ; aus dem Englischen von Claudia Wenner</marc:subfield>
   </marc:datafield>
   <marc:datafield ind1=" " ind2="1" tag="264">
      <marc:subfield code="a">München</marc:subfield>
      <marc:subfield code="b">C. H. Beck</marc:subfield>
      <marc:subfield code="c">2024</marc:subfield>
   </marc:datafield>
   <marc:datafield ind1="1" ind2=" " tag="520">
      <marc:subfield code="a">Quelle: bn.bibliotheksnachrichten (http://www.biblio.at/literatur/bn/index.html); &lt;br/&gt;Autor: Monika Roth; &lt;br/&gt;Über Vergangenheitsbewältigung und einen Neuanfang mit 82 Jahren. (DR)&lt;br/&gt;Honey Fasinga, eigentlich Ilaria Fazzinga, kehrt nach einem ereignisreichen Leben und einer glänzenden Karriere im Kunsthandel in New York und Los Angeles nach über 60 Jahren in ihre Heimatstadt Ferryfield, New Jersey, zurück. Diese Heimkehr bedeutet zugleich eine Konfrontation mit ihrer Vergangenheit, die von ihrer Kindheit als wohlhabende Tochter einer einflussreichen italienischen Mafiafamilie geprägt ist  einer patriarchalen Welt voller Gewalt.&lt;br/&gt;Schon als Kind wird Honey Zeugin eines Mordes: Ihr Vater tötet einen Einbrecher, dessen Leiche später im Garten vergraben wird. Die Vergewaltigung durch einen jungen Mann aus der ärmeren italienischen Community wird von ihrem Vater durch dessen Ermordung gerächt  ein Akt, den Honey, wie sie sich im Alter eingestehen muss, mit ambivalenten Gefühlen unterstützt. Dieser Mord führt Jahre später zur Ermordung ihres älteren Bruders. Das Kind, das aus der Vergewaltigung hervorgeht, wird Honey nie kennenlerne, ihre Mutter gibt es unmittelbar nach der heimlichen Geburt weg.&lt;br/&gt;Zurück in Ferryfield sieht sich Honey zahlreichen Herausforderungen gegenüber: Sie muss den plötzlichen Tod ihrer späten Jugendliebe verkraften, sich den Annäherungsversuchen ihres Großneffen erwehren  des Sohnes ihres früh verstorbenen Bruders, der mittlerweile die Mafiageschäfte der Familie führt  und mit der Weigerung der »famiglia« umgehen, die Transgender-Identität eines erwachsenen Sohnes zu akzeptieren. Darüber hinaus ist da die von Gewalt geprägte Liebesgeschichte ihrer jungen Nachbarin sowie die unerwartete Zuneigung eines fast fünfzig Jahre jüngeren Malers, die die selbstbewusste, elegante und dank geschickter Schönheitsoperationen um Jahre jünger wirkende Grande Dame aus dem Konzept bringt.&lt;br/&gt;Ein Roman, der mit Leichtigkeit und Humor schwerwiegende Themen behandelt  nicht zuletzt Honeys ursprüngliche Absicht, sich das Leben zu nehmen, bevor das Alter zu grausam zuschlägt  und durch den Neubeginn einer bald 83-Jährigen besticht. Sehr zu empfehlen.</marc:subfield>
   </marc:datafield>
   <marc:datafield ind1=" " ind2=" " tag="020">
      <marc:subfield code="a">9783406822421</marc:subfield>
      <marc:subfield code="9">9783406822421</marc:subfield>
   </marc:datafield>
   <marc:datafield ind1=" " ind2=" " tag="041">
      <marc:subfield code="a">ger</marc:subfield>
   </marc:datafield>
   <marc:datafield ind1="1" ind2=" " tag="521">
      <marc:subfield code="a">0</marc:subfield>
   </marc:datafield>
   <marc:datafield ind1=" " ind2=" " tag="300">
      <marc:subfield code="a">462 Seiten</marc:subfield>
   </marc:datafield>
</marc:record>
